<?xml version='1.0' encoding='UTF-8'?>
  <record xmlns="http://www.loc.gov/MARC21/slim">
    <leader>00000nem a2200000 i 4500</leader>
    <controlfield tag="001">ocn980447371</controlfield>
    <controlfield tag="003">OCoLC</controlfield>
    <controlfield tag="005">20250405222515.4</controlfield>
    <controlfield tag="008">970813m17191726ne        u     0   dut d</controlfield>
    <datafield tag="040" ind1=" " ind2=" ">
      <subfield code="a">QGJ</subfield>
      <subfield code="b">dut</subfield>
      <subfield code="c">QGJ</subfield>
    </datafield>
    <datafield tag="035" ind1=" " ind2=" ">
      <subfield code="a">(OCoLC)980447371</subfield>
    </datafield>
    <datafield tag="084" ind1=" " ind2=" ">
      <subfield code="a">74.75</subfield>
      <subfield code="2">bcl</subfield>
    </datafield>
    <datafield tag="245" ind1="0" ind2="0">
      <subfield code="a">Nieuwe en nette aftekening vande door gravinge die er staat te geschieden beginnende van de stadt Utrecht tot aan Spakenborg in de Zuyder Zee met des zelfs afbakinge &amp;c.</subfield>
    </datafield>
    <datafield tag="255" ind1=" " ind2=" ">
      <subfield code="a">Schaal [ca. 1:40.000].</subfield>
    </datafield>
    <datafield tag="264" ind1=" " ind2="1">
      <subfield code="a">Gedrukt tot Amsterdam :</subfield>
      <subfield code="b">by de Wed. Joachim Ottens op de Nieuwendyk in de Warelt kaart,</subfield>
      <subfield code="c">[ca. 1719/25]</subfield>
    </datafield>
    <datafield tag="300" ind1=" " ind2=" ">
      <subfield code="a">2 kaarten op 1 blad :</subfield>
      <subfield code="b">koperdiepdr., in kleur ;</subfield>
      <subfield code="c">elk 17 x 34 cm</subfield>
    </datafield>
    <datafield tag="336" ind1=" " ind2=" ">
      <subfield code="a">cartografische afbeelding</subfield>
      <subfield code="b">cri</subfield>
      <subfield code="2">rdacontent/dut</subfield>
    </datafield>
    <datafield tag="337" ind1=" " ind2=" ">
      <subfield code="a">zonder medium</subfield>
      <subfield code="b">n</subfield>
      <subfield code="2">rdamedia/dut</subfield>
    </datafield>
    <datafield tag="338" ind1=" " ind2=" ">
      <subfield code="a">vel</subfield>
      <subfield code="b">nb</subfield>
      <subfield code="2">rdacarrier/dut</subfield>
    </datafield>
    <datafield tag="510" ind1="0" ind2=" ">
      <subfield code="a">Zie: 'Toonneel des Aerdrijcx', nr. 41c; Fockema Andreae, S.J. en C. Koeman, 'Kaarten en kaarttekenaars'. Bussum, 1972, 2de druk 1975 (p. 42 en 44, respectievelijk afbeeldingen 17 en 18)</subfield>
    </datafield>
    <datafield tag="510" ind1="0" ind2=" ">
      <subfield code="a">Donkersloot-de Vrij, Topografische kaarten Nederland voor 1750, 165</subfield>
    </datafield>
    <datafield tag="507" ind1=" " ind2=" ">
      <subfield code="a">Met schaalstok: 1000 Stightse roeden = 9 cm.</subfield>
    </datafield>
    <datafield tag="562" ind1=" " ind2=" ">
      <subfield code="a">Ex. 2: ongekleurd.</subfield>
      <subfield code="5">NL-UtRU</subfield>
    </datafield>
    <datafield tag="562" ind1=" " ind2=" ">
      <subfield code="a">Ex. 3: alleen de bovenste kaart (ongekleurd).</subfield>
      <subfield code="5">NL-UtRU</subfield>
    </datafield>
    <datafield tag="650" ind1=" " ind2="7">
      <subfield code="a">Kanalen.</subfield>
      <subfield code="0">(NL-LeOCL)078554926.</subfield>
      <subfield code="2">gtt</subfield>
    </datafield>
    <datafield tag="651" ind1=" " ind2="7">
      <subfield code="a">Utrecht (stad)</subfield>
      <subfield code="0">(NL-LeOCL)094927596.</subfield>
      <subfield code="2">gtt</subfield>
    </datafield>
    <datafield tag="651" ind1=" " ind2="7">
      <subfield code="a">Zuiderzee.</subfield>
      <subfield code="0">(NL-LeOCL)078969867.</subfield>
      <subfield code="2">gtt</subfield>
    </datafield>
    <datafield tag="655" ind1=" " ind2="7">
      <subfield code="a">Plannen (vorm)</subfield>
      <subfield code="0">(NL-LeOCL)088144364.</subfield>
      <subfield code="2">gtt</subfield>
    </datafield>
    <datafield tag="856" ind1="4" ind2="1">
      <subfield code="u">http://objects.library.uu.nl/reader/resolver.php?obj=002221394&amp;type=2</subfield>
      <subfield code="x">Online</subfield>
      <subfield code="z">Map</subfield>
    </datafield>
    <datafield tag="936" ind1=" " ind2=" ">
      <subfield code="a">BATCHLOAD</subfield>
    </datafield>
  </record>